[Event "V Sunway Sitges Open 2018"]
[Site "Sitges"]
[Date "2018.12.21"]
[Round "8"]
[White "Vidal Moll, Francesc"]
[Black "Barguer, Alexey"]
[Result "1/2-1/2"]
[WhiteElo "1526"]
[BlackElo "1435"]
[Annotator "NA"]
[PlyCount "61"]
[EventDate "2018.12.14"]
[EventType "swiss"]
[EventCountry "ESP"]
[SourceTitle "playchess.com"]
[Source "ChessBase"]
[SourceQuality "1"]
[TimeControl "40/5400+30:1800+30"]

1. d4 {[%emt 0:00:00]} Nf6 {[%emt 0:00:00]} 2. e3 {[%emt 0:00:00]} g6 {[%emt 0:00:00]} 3. Bd3 {[%emt 0:00:00]} Bg7 {[%emt 0:00:10]} 4. f4 {[%emt 0:00:06]} O-O {[%emt 0:00:40]} 5. Nf3 {[%emt 0:02:04]} d5 {[%emt 0:00:19]} 6. O-O {[%emt 0:00:27]} c5 {[%emt 0:00:13]} 7. c3 {[%emt 0:00:06]} Qc7 {[%emt 0:06:30]} 8. Ne5 {[%emt 0:00:38]} Nbd7 {[%emt 0:00:52]} 9. Nd2 {[%emt 0:00:37]} cxd4 {[%emt 0:04:56]} 10. exd4 {[%emt 0:00:16]} Qb6 {[%emt 0:02:07]} 11. Qf3 {[%emt 0:03:10]} Nxe5 {[%emt 0:02:02]} 12. fxe5 {[%emt 0:00:18]} Ng4 {[%emt 0:00:35]} 13. Kh1 {[%emt 0:00:47]} Qd8 {[%emt 0:05:38]} 14. h3 {[%emt 0:01:48]} Nh6 {[%emt 0:00:09]} 15. Qf4 {[%emt 0:03:36]} f6 {[%emt 0:05:53]} 16. exf6 {[%emt 0:02:03]} Rxf6 {[%emt 0:00:31]} 17. Qe3 {[%emt 0:00:58]} Rxf1+ {[%emt 0:00:32]} 18. Nxf1 {[%emt 0:00:08]} Qd6 {[%emt 0:02:57]} 19. Ng3 {[%emt 0:05:15]} Bd7 {[%emt 0:02:52]} 20. Bd2 {[%emt 0:01:19]} Rf8 {[%emt 0:00:10]} 21. Re1 {[%emt 0:05:10]} Nf5 {[%emt 0:05:09]} 22. Nxf5 {[%emt 0:00:28]} Bxf5 {[%emt 0:00:13]} 23. Bxf5 {[%emt 0:03:53]} Rxf5 {[%emt 0:00:16]} 24. Qe6+ {[%emt 0:00:49]} Qxe6 {[%emt 0:00:59]} 25. Rxe6 {[%emt 0:00:08]} Kf7 {[%emt 0:02:07]} 26. Re1 {[%emt 0:01:24]} e5 {[%emt 0:02:49]} 27. dxe5 {[%emt 0:00:38]} Bxe5 {[%emt 0:01:20]} 28. Kg1 {[%emt 0:00:45]} Bd6 {[%emt 0:01:24]} 29. Re2 {[%emt 0:06:14]} Bc5+ {[%emt 0:02:52]} 30. Be3 Bxe3+ 31. Rxe3 1/2-1/2

[Event "V Sunway Sitges Open 2018"]
[Site "Sitges"]
[Date "2018.12.21"]
[Round "8"]
[White "Tastambekov, Arsen"]
[Black "Jenny, Gerald"]
[Result "1/2-1/2"]
[WhiteElo "1271"]
[BlackElo "1807"]
[Annotator "NA"]
[PlyCount "80"]
[EventDate "2018.12.14"]
[EventType "swiss"]
[EventCountry "ESP"]
[SourceTitle "playchess.com"]
[Source "ChessBase"]
[SourceQuality "1"]
[TimeControl "40/5400+30:1800+30"]

1. e4 {[%emt 0:00:00]} c5 {[%emt 0:00:00]} 2. Nf3 {[%emt 0:00:00]} e6 {[%emt 0:00:00]} 3. d4 {[%emt 0:00:03]} cxd4 {[%emt 0:00:08]} 4. Nxd4 {[%emt 0:00:03]} a6 {[%emt 0:00:06]} 5. Bd3 {[%emt 0:00:43]} Nc6 {[%emt 0:00:10]} 6. Nb3 {[%emt 0:01:41]} Nf6 {[%emt 0:02:27]} 7. Be3 {[%emt 0:00:44]} d5 {[%emt 0:02:34]} 8. N1d2 {[%emt 0:03:06]} Bd6 {[%emt 0:12:59]} 9. O-O {[%emt 0:02:00]} e5 {[%emt 0:01:48]} 10. Bg5 {[%emt 0:02:00]} d4 {[%emt 0:04:32]} 11. a3 {[%emt 0:16:01]} h6 {[%emt 0:05:10]} 12. Bh4 {[%emt 0:01:35]} Qe7 {[%emt 0:03:38]} 13. Rc1 {[%emt 0:05:08]} g5 {[%emt 0:03:41]} 14. Bg3 {[%emt 0:00:41]} Bg4 {[%emt 0:01:16]} 15. f3 {[%emt 0:05:15]} Be6 {[%emt 0:02:19]} 16. Bc4 {[%emt 0:03:09]} Rd8 {[%emt 0:07:24]} 17. Bxe6 {[%emt 0:04:37]} Qxe6 {[%emt 0:00:28]} 18. Qe2 {[%emt 0:03:57]} Nh5 {[%emt 0:05:43]} 19. Nc4 {[%emt 0:10:18]} Ke7 {[%emt 0:11:20]} 20. Nxd6 {[%emt 0:08:17]} Qxd6 {[%emt 0:02:53]} 21. Rfd1 {[%emt 0:03:17]} Ng7 {[%emt 0:03:30]} 22. Rd3 {[%emt 0:07:29]} Ne6 {[%emt 0:01:06]} 23. Rcd1 {[%emt 0:02:34]} Qc7 {[%emt 0:02:14]} 24. c3 {[%emt 0:01:58]} dxc3 {[%emt 0:02:12]} 25. Rxc3 {[%emt 0:01:03]} Rxd1+ {[%emt 0:03:28]} 26. Qxd1 {[%emt 0:00:08]} Rd8 {[%emt 0:00:20]} 27. Qc2 {[%emt 0:00:35]} Qd6 {[%emt 0:01:33]} 28. h3 {[%emt 0:03:09]} f6 {[%emt 0:04:40]} 29. Bf2 {[%emt 0:00:36]} Qd1+ {[%emt 0:00:33]} 30. Kh2 {[%emt 0:01:47]} Qf1 {[%emt 0:00:32]} 31. Bc5+ {[%emt 0:04:18]} Kf7 {[%emt 0:01:05]} 32. Nd2 {[%emt 0:01:45]} Qe1 {[%emt 0:02:22]} 33. Be3 {[%emt 0:01:57]} h5 {[%emt 0:02:03]} 34. Rd3 {[%emt 0:01:51]} h4 {[%emt 0:01:58]} 35. Rxd8 {[%emt 0:01:32]} Ncxd8 {[%emt 0:01:31]} 36. Qc3 {[%emt 0:02:01]} Nc6 {[%emt 0:02:03]} 37. Qb3 {[%emt 0:00:45]} Qg3+ {[%emt 0:00:18]} 38. Kh1 {[%emt 0:00:22]} Qe1+ {[%emt 0:01:04]} 39. Kh2 {[%emt 0:00:23]} Qg3+ {[%emt 0:02:47]} 40. Kh1 {[%emt 0:00:00]} Qe1+ {[%emt 0:00:00]} 1/2-1/2

[Event "V Sunway Sitges Open 2018"]
[Site "Sitges"]
[Date "2018.12.22"]
[Round "9"]
[White "Andreikin, Dmitry"]
[Black "Alonso Rosell, Alvar"]
[Result "1/2-1/2"]
[WhiteElo "2719"]
[BlackElo "2524"]
[Annotator "TA"]
[PlyCount "82"]
[EventDate "2018.12.14"]
[EventType "swiss"]
[EventCountry "ESP"]
[SourceTitle "playchess.com"]
[Source "ChessBase"]
[SourceQuality "1"]

{[%evp 24,82,0,0,14,0,14,25,24,0,0,0,0,0,0,4,3,1,11,13,29,30,27,20,38,41,42,35,39,37,43,41,43,35,33,10,10,22,12,5,32,22,24,11,34,0,3,0,0,0,0,-100,-95,-134,-131,-139,-134,-129,0,-137,0]} 1. e4 e5 2. Nf3 Nc6 3. Bc4 Nf6 4. d3 Bc5 5. O-O a6 6. c3 d6 7. Nbd2 {[%cal Bb1d2,Bd2f1,Bf1e3,Be3d5][%mdl 32]} h6 8. Bb3 O-O 9. Re1 Be6 {C54: Giuoco Piano: 4 c3 Nf6, main lines with 5 d4 and 5 d3} (9... Ba7 10. Nf1 Re8 11. Ng3 Be6 12. Bc2 d5 13. exd5 Bxd5 14. Be3 Bxe3 15. Rxe3 Qd7 16. h3 Re7 17. Qd2 Rae8 18. Rae1 {0-1 (27) Aronian,L (2764)-Karjakin,S (2782) Leuven 2018}) 10. Nf1 Bxb3 11. Qxb3 Re8 12. Be3 Bxe3 13. Nxe3 {LiveBook: 7 Games} Rb8 14. Nd5 $146 ({Predecessor:} 14. Rad1 Qd7 15. Nd5 Nxd5 16. Qxd5 Qe6 17. Qxe6 Rxe6 18. d4 Ree8 19. Rc1 a5 20. d5 {½-½ (20) Fossan,E (2400)-Gullaksen,E (2360) Stavanger 1998}) 14... Na5 15. Qa4 Nc6 16. d4 exd4 17. Nxf6+ Qxf6 18. cxd4 Qf4 19. d5 Ne5 20. Nxe5 Rxe5 21. g3 Qg4 22. Rac1 Re7 23. Kg2 Qc8 24. Re3 Qe8 25. Qd4 c6 26. dxc6 bxc6 {[%cal Bb7c6,Bc6c5][%mdl 32]} 27. b3 Re6 28. Rc4 a5 29. Ra4 Rb4 {[%mdl 64] [#] Decoy} 30. Rxb4 c5 {[%mdl 64] Double Attack} 31. Rb8 Qxb8 $11 {[%mdl 4096] Endgame KQR-KQR} 32. Qd5 Qb4 33. h4 g6 34. f4 a4 35. g4 axb3 36. axb3 Qd4 $36 {[%mdl 2048] Black is more active.} 37. Kf3 (37. Qxd4 $11 {remains equal.} cxd4 38. Re1) 37... Qa1 $17 {...Qf1+ is the strong threat.} 38. f5 Qf1+ 39. Kg3 Qg1+ 40. Kf3 Qf1+ 41. Kg3 {[#]} Qg1+ {Accuracy: White = 58%, Black = 57%.} (41... gxf5 $1 $17 42. gxf5 Re8) 1/2-1/2

[Event "V Sunway Sitges Open 2018"]
[Site "Sitges"]
[Date "2018.12.22"]
[Round "9"]
[White "Inarkiev, Ernesto"]
[Black "Ivanchuk, Vassily"]
[Result "1/2-1/2"]
[WhiteElo "2693"]
[BlackElo "2717"]
[Annotator "TA"]
[PlyCount "64"]
[EventDate "2018.12.14"]
[EventType "swiss"]
[EventCountry "ESP"]
[SourceTitle "playchess.com"]
[Source "ChessBase"]
[SourceQuality "1"]

{[%evp 18,64,20,23,24,0,0,0,0,0,0,-12,-12,-19,-4,-4,-4,-4,-19,-17,-12,-17,0,-24,-7,-13,-2,-13,-37,-79,-91,-95,-93,-131,-136,-134,-112,-146,-126,-241,-228,-235,-108,-362,-390,-372,-311,-316,0]} 1. e4 e5 2. Nf3 Nf6 3. Nxe5 d6 4. Nf3 Nxe4 5. Nc3 Nxc3 6. dxc3 Be7 7. Be3 O-O 8. Qd2 Nc6 9. O-O-O Bf5 {C42: Petroff Defence: 3 Nxe5 and unusual White 3rd moves} 10. h4 {LiveBook: 4 Games} Qd7 11. h5 (11. Bd3 Rfe8 12. b3 h5 13. Kb2 g6 14. Nd4 Bxd3 15. Nxc6 Qxc6 16. Qxd3 {0-1 (34) Kryvoruchko,Y (2689)-Jobava,B (2690) Riadh 2017}) 11... h6 {The position is equal.} 12. Nh4 $146 ({Predecessor:} 12. Kb1 Rfe8 13. Bc4 Bf6 14. Bxh6 gxh6 15. Qxh6 Qe7 16. g4 Bg7 17. Qc1 {0-1 (45) Petz,J (2127)-Lemberger,W (2114) ICCF email 2008}) 12... Bh7 13. Kb1 Rae8 14. Bd3 Bxd3 15. Qxd3 Ne5 16. Qd5 Bxh4 17. Rxh4 b6 18. c4 Re7 19. b3 Rfe8 20. Bc1 Ng4 21. Qf3 $1 Re4 22. Qg3 {Threatens to win with f3.} Nf6 $1 23. Rdh1 Rxh4 24. Rxh4 Re1 25. Kb2 Ne4 26. Qf4 Qe6 27. Rh3 f5 28. Rd3 (28. Re3 $17 {is the only way for White.} Qf6+ 29. c3) 28... Qf6+ $1 $19 29. Ka3 a5 (29... Re2 $19 30. f3 Nc3) 30. Rd5 $2 {[%mdl 8192] [#]} (30. Bb2 $17 {was the only chance.} Qe7 31. Bd4) 30... Nc3 $1 {[%cal Rc3b1] Strongly threatening ...Nb1+.} 31. Rxf5 Nb1+ 32. Ka4 Nc3+ $2 {Accuracy: White = 22%, Black = 64%.} (32... Qe7 $19 33. Bb2 {[#]} Re5 $1 {[%mdl 512]} 34. Rf8+ Qxf8 35. Qxf8+ Kxf8 36. Bxe5 dxe5) 1/2-1/2

[Event "V Sunway Sitges Open 2018"]
[Site "Sitges"]
[Date "2018.12.22"]
[Round "9"]
[White "Edouard, Romain"]
[Black "Sosa, Tomas"]
[Result "1-0"]
[WhiteElo "2644"]
[BlackElo "2488"]
[Annotator "TA"]
[PlyCount "87"]
[EventDate "2018.12.14"]
[EventType "swiss"]
[EventCountry "ESP"]
[SourceTitle "playchess.com"]
[Source "ChessBase"]
[SourceQuality "1"]

{[%evp 20,87,4,0,-5,-31,-16,-18,-10,-37,-37,-39,-37,-35,-27,-28,0,-12,24,25,20,0,0,0,17,0,79,58,46,6,60,68,137,98,192,178,194,178,189,185,201,196,195,156,184,148,256,258,317,334,567,615,608,611,585,609,533,573,29980,29981,29980,29981,29993,29994,29994,29995,29995,557,29996,29997]} 1. d4 d5 2. c4 e6 3. Nf3 Nf6 4. Nc3 dxc4 5. e3 a6 6. a4 b6 {D24: Queen's Gambit Accepted: 3 Nf3 Nf6 4 Nc3} 7. Bxc4 Bb7 8. O-O Bb4 9. Ne5 O-O 10. Qe2 Nbd7 11. f4 {LiveBook: 3 Games} c5 12. Na2 Ba5 13. Rd1 Qe7 14. b3 $146 ({Predecessor:} 14. dxc5 bxc5 15. Nxd7 Nxd7 {½-½ (29) Skurikhin,D (2345)-Perunovic,M (2576) Obrenovac 2011}) 14... Nxe5 15. dxe5 Ne4 16. Bb2 Rfd8 17. Bd3 h6 18. Qc2 f5 {aiming for ...Bd2!} (18... c4 $5 19. bxc4 Nc5 $11) 19. exf6 Nxf6 20. Bc4 Be4 21. Qe2 Bg6 22. h3 Qf7 (22... Ne4 $11) 23. Bxa6 Ne4 24. Bc4 Bd2 (24... h5 $1 $11) 25. Kh2 $14 Ra7 (25... Bh5 $14 26. g4 Bg6) 26. Bb5 {Nc3! is the strong threat.} Qe7 (26... Rd5 $16 {keeps fighting.} 27. Bc6 Rad7) 27. Bc6 $1 $18 {[%cal Rc6e4] Hoping for Bxe4.} Ba5 28. Rxd8+ Qxd8 {[#]} 29. Rd1 $1 {[%cal Rd1d8]} Qh4 {[#] Black wants to play ...Bh5.} 30. Bxe4 $1 Bxe4 31. Bc3 Bd5 32. Qc2 Qh5 (32... Qe7 $16 33. Bxa5 bxa5) 33. Bxa5 Rxa5 34. e4 Ba8 $2 (34... Bc6 {is a better defense.} 35. Rd6 Be8 36. Rxb6 Qf7) 35. Rd8+ Kh7 36. e5+ Qf5 37. Qxf5+ exf5 {[%mdl 4096] Endgame KRB-KRN} 38. e6 c4 39. e7 Bc6 40. Nb4 c3 41. Nxc6 c2 {[#]} 42. Rh8+ $1 {[%mdl 576] Decoy, Promotion} Kxh8 43. e8=Q+ Kh7 44. Ne7 {Accuracy: White = 74%, Black = 25%.} 1-0

[Event "V Sunway Sitges Open 2018"]
[Site "Sitges"]
[Date "2018.12.22"]
[Round "9"]
[White "Adly, Ahmed"]
[Black "Praggnanandhaa, R."]
[Result "1/2-1/2"]
[WhiteElo "2626"]
[BlackElo "2530"]
[Annotator "TA"]
[PlyCount "83"]
[EventDate "2018.12.14"]
[EventType "swiss"]
[EventCountry "ESP"]
[SourceTitle "playchess.com"]
[Source "ChessBase"]
[SourceQuality "1"]

{[%evp 24,83,11,5,1,0,0,0,16,4,8,11,1,-31,-29,-38,-24,-36,0,0,0,0,0,-16,79,75,79,0,17,16,0,-27,0,0,79,79,79,79,80,80,80,80,80,31,29,16,16,16,16,16,16,16,16,21,21,22,24,6,6,6,7,7]} 1. Nf3 Nf6 2. c4 e6 3. g3 d5 4. d4 dxc4 5. Bg2 c5 6. O-O Nc6 7. dxc5 Qxd1 8. Rxd1 Bxc5 9. Nbd2 c3 10. bxc3 O-O 11. Nb3 Be7 12. Nfd4 Bd7 13. c4 {LiveBook: 4 Games. E04: Open Catalan: 5 Nf3} (13. Bg5 Rfd8 14. Nxc6 Bxc6 15. Bxc6 bxc6 16. Na5 Rac8 17. Rxd8+ Bxd8 18. Nb7 h6 19. Nd6 Rb8 20. Be3 Bb6 {½-½ (78) Giri,A (2785)-So,W (2815) chess.com INT 2017}) 13... Rac8 14. Nb5 Ne5 15. Bxb7 {[#]} Rb8 $146 ({Predecessor:} 15... Rxc4 16. a4 a6 17. Bxa6 Ra8 18. Bb7 Raxa4 19. Bb2 Bxb5 20. Bxe5 Rcb4 {½-½ (55) Vaganian,R (2577)-Feller,S (2668) Belgium 2012}) 16. Bf4 {Strongly threatening Bg2.} Nxc4 17. Bxb8 Rxb8 18. Ba6 (18. Rxd7 $5 Nxd7 19. Bc6 $11) 18... Bxb5 19. Bxb5 Rxb5 20. Rac1 Rd5 21. Rd4 Nd6 22. Ra4 Nb5 23. Ra5 Ne4 (23... Bf8 $11) 24. Rc8+ $16 Bf8 25. a4 (25. Rb8 $1 $16 Nec3 26. e3) 25... Nbd6 26. Rxd5 Nxc8 27. Rd7 {[#]} a5 $1 28. Rb7 $1 (28. Nxa5 Nb6) 28... Nc3 {[#]} (28... Bb4 $11 {remains equal.}) 29. Rc7 $1 {[%cal Rc7c3][%mdl 64] Double Attack} Nxe2+ 30. Kf1 {[%mdl 64] Trapped Piece} Nxg3+ 31. hxg3 {[%mdl 4096] Endgame KRN-KBN} Nb6 {[#]} 32. Nc5 $1 {[%mdl 1024] White has strong compensation.} g6 33. Ne4 h6 34. Nf6+ Kg7 35. Ng4 {And now Ne5 would win.} Nxa4 36. Ne5 Bd6 $1 {[%cal Rd6c7]} 37. Rxf7+ Kg8 38. Ra7 Bxe5 39. Rxa5 {[%mdl 64] Double Attack} Bxg3 $1 40. fxg3 Nc3 41. Ra7 Ne4 42. Kg2 {Accuracy: White = 55%, Black = 67%.} 1/2-1/2

[Event "V Sunway Sitges Open 2018"]
[Site "Sitges"]
[Date "2018.12.22"]
[Round "9"]
[White "Lagarde, Maxime"]
[Black "Raja, Rithvik R"]
[Result "1/2-1/2"]
[WhiteElo "2616"]
[BlackElo "2415"]
[Annotator "TA"]
[PlyCount "93"]
[EventDate "2018.12.14"]
[EventType "swiss"]
[EventCountry "ESP"]
[SourceTitle "playchess.com"]
[Source "ChessBase"]
[SourceQuality "1"]

{[%evp 9,93,-50,0,0,0,0,16,4,4,5,41,35,39,34,35,-16,-21,-2,0,-67,-57,-80,-31,-68,-58,-69,-54,-60,-62,-106,-98,-106,-95,-98,-95,-129,-132,-133,-115,-179,-160,-132,-108,-232,-224,-170,-52,-35,656,-207,-201,-158,-159,-376,-378,-587,-615,-599,-8,-8,-8,-41,-17,-15,0,0,0,0,0,0,0,0,0,0,0,0,0,0,0,0,0,0,0,0,0,0]} 1. b3 e5 2. Bb2 Nc6 3. e3 g6 4. Bb5 Nge7 5. h4 $146 ({Predecessor:} 5. d4 exd4 6. Bxd4 Nxd4 7. Qxd4 Rg8 8. Qd2 c6 9. Bd3 Bg7 10. c3 d5 11. Ne2 Bf5 12. O-O {½-½ (72) Mamedyarov,S (2799)-Le,Q (2737) Huaian 2017}) 5... a6 6. Bxc6 {A01: Nimzowitsch-Larsen Opening} Nxc6 7. d4 exd4 8. Nf3 Bg7 9. Nxd4 Rg8 10. c4 h5 11. Nxc6 dxc6 12. Qc1 (12. Qxd8+ $14 Kxd8 13. Bxg7 Rxg7 14. f3) 12... Bxb2 $11 13. Qxb2 Qe7 14. Nc3 (14. Qd4 $1 $11) 14... Bg4 $15 15. b4 Qe6 16. O-O Qxc4 17. f3 Bf5 18. e4 Bd7 19. Rfd1 O-O-O 20. Rac1 Qe6 $1 21. a4 Kb8 22. Ne2 g5 23. hxg5 Rxg5 24. Nd4 (24. Nf4 $17 {was worth a try.} Qe7 25. Rc2) 24... Qe7 25. Rd2 Rdg8 26. Qc3 (26. b5 $17 {keeps fighting.} cxb5 27. axb5) 26... h4 $19 27. b5 {[%cal Rb5c6]} axb5 ({Black should try} 27... h3 $1 $19 {[%cal Rg5g2]} 28. g4 Bxg4 $1 {[%mdl 512]} 29. fxg4 axb5) 28. axb5 $15 c5 $2 {[%mdl 8192]} (28... h3 $15 29. Nxc6+ Bxc6 30. bxc6 Qe6) 29. Ra1 $4 {[%mdl 8192]} (29. Qa3 $1 $18 {was the only winning move. Ra1 would kill now.} Bh3 30. Nc6+ $1 {[%mdl 512]} bxc6 31. bxc6 Rxg2+ 32. Rxg2 Rxg2+ 33. Kh1 Rh2+ {[%mdl 64] Decoy} 34. Kxh2 Qd6+ 35. f4 Qxc6 36. Rb1+ Kc8 37. Qxh3+ {[%mdl 64] Double Attack} Qe6 38. Qxe6+ fxe6 39. Rd1) 29... cxd4 $19 30. Qa5 {[%csl Ga1][%cal Ra5a8] [#]} c6 $1 31. Qa8+ $2 (31. Rxd4 $17 Qc5 32. Qa8+ Kc7 33. Qa5+ Qb6 34. Qxb6+ Kxb6 35. Rxd7) 31... Kc7 32. b6+ (32. Qa5+ $142 Kd6 33. Rxd4+ Ke6 34. Kh1) 32... Kd6 33. Rxd4+ {[#]} Ke5 $2 {[#]} (33... Ke6 $1 $19 34. Qxb7 Rxg2+ 35. Kh1 f6) 34. f4+ $1 $11 {[%mdl 576] Decoy} Kxf4 35. Rf1+ (35. e5+ $5 Kxe5 36. Re1+ Kxd4 37. Qa1+ Kc4 38. Qa2+ Kb5 39. Rxe7 Rxg2+ 40. Qxg2 Rxg2+ 41. Kxg2 $15) 35... Kg4 36. Qxb7 {The position is equal.} Kh5 37. Qxd7 Rxg2+ 38. Kh1 Qxd7 39. Rxd7 {[%mdl 4096] Endgame KRR-KRR} R2g3 {[%cal Rg3h3]} 40. Rf5+ Kg4 41. Rdxf7 Ra8 42. b7 {White wants to mate with Rg7+.} Ra1+ 43. Rf1 Rxf1+ 44. Rxf1 Rb3 45. Rf7 Kg3 {( -> ...Rb1+)} 46. Rg7+ Kf4 47. Rc7 {Accuracy: White = 47%, Black = 55%.} 1/2-1/2

[Event "V Sunway Sitges Open 2018"]
[Site "Sitges"]
[Date "2018.12.22"]
[Round "9"]
[White "Romanov, Evgeny"]
[Black "Wang, Kevin"]
[Result "1-0"]
[WhiteElo "2614"]
[BlackElo "2449"]
[Annotator "TA"]
[PlyCount "57"]
[EventDate "2018.12.14"]
[EventType "swiss"]
[EventCountry "ESP"]
[SourceTitle "playchess.com"]
[Source "ChessBase"]
[SourceQuality "1"]

{[%evp 16,57,22,25,3,-4,0,0,63,32,35,35,46,22,75,73,72,67,129,128,255,241,261,264,252,257,252,248,352,351,341,300,341,356,331,224,224,222,229,222,219,226,925,518]} 1. e4 c6 2. d4 d5 3. exd5 cxd5 4. Nf3 Nc6 5. Ne5 (5. Bb5 Qa5+ 6. Nc3 Bg4 7. Bd2 Qd8 8. Ne5 Bd7 9. Bxc6 Bxc6 10. Qf3 Nf6 11. g4 h6 12. h4 e6 13. O-O-O {½-½ (51) Shankland,S (2722)-Tomczak,J (2614) Batumi 2018}) 5... e6 6. Bb5 {B13: Caro-Kann: Exchange Variation and Panov-Botvinnik Attack} Qc7 7. Bf4 Bd6 8. Qg4 Kf8 9. Bxc6 {LiveBook: 3 Games} Nf6 10. Qh4 $146 {And now Ba4 would win.} ({Predecessor:} 10. Qf3 bxc6 11. O-O Nd7 12. Nxd7+ Bxd7 13. Bxd6+ Qxd6 {½-½ (41) Lupulescu,C (2619)-Swapnil,S (2487) Abu Dhabi 2018}) 10... bxc6 11. O-O Ba6 (11... c5 $11) 12. Re1 h6 13. Nd2 Rh7 {aiming for ...g5.} 14. Qg3 {Ng6+! is the strong threat.} Rd8 (14... Kg8 $11 {keeps the balance.}) 15. Qf3 $16 Kg8 16. Rac1 c5 (16... Qb6 $14) 17. c4 $1 Qb7 (17... Rc8 $16 {was necessary.}) 18. dxc5 $18 Bxc5 {[#]} 19. b4 $1 {[%cal Rb4c5]} Bxb4 20. Rb1 g5 {[#]} 21. Bg3 $1 Ne4 (21... Ne8 $142 22. a3 Bxd2 23. Rxb7 Bxb7) 22. Rxe4 $1 dxe4 23. Nxe4 f5 24. Nf6+ {[%mdl 64] Double Attack} Kh8 25. Nxh7 Kxh7 26. Qh5 Qg7 {Hoping for ...Bc3.} 27. Nc6 Rd2 {White must now prevent ...Bc3.} 28. Be5 ({Resist} 28. Nxb4 Bxc4 29. Bb8 Bb5) 28... Qd7 $2 (28... Qg6 29. Qxg6+ Kxg6) 29. Nb8 {[%mdl 64] Double Attack. Accuracy: White = 94%, Black = 35%.} 1-0

[Event "V Sunway Sitges Open 2018"]
[Site "Sitges"]
[Date "2018.12.22"]
[Round "9"]
[White "Peralta, Fernando"]
[Black "Stella, Andrea"]
[Result "1-0"]
[WhiteElo "2584"]
[BlackElo "2503"]
[Annotator "TA"]
[PlyCount "65"]
[EventDate "2018.12.14"]
[EventType "swiss"]
[EventCountry "ESP"]
[SourceTitle "playchess.com"]
[Source "ChessBase"]
[SourceQuality "1"]

{[%evp 16,65,17,16,28,18,57,38,31,33,38,29,50,31,81,70,108,102,120,118,125,125,127,136,136,140,181,114,115,117,99,116,116,110,175,170,166,178,179,170,172,170,156,137,154,144,587,578,561,573,551,554]} 1. d4 d5 2. c4 e6 3. Nc3 Be7 4. cxd5 exd5 5. Bf4 c6 6. Qc2 {D31: Queen's Gambit Declined: Semi-Slav without ...Nf6 (+ Marshall Gambit and Noteboom) and Exchange Variation lines without ...Nf6} Nf6 7. h3 g6 8. e3 Bf5 9. Qd2 {LiveBook: 7 Games} Nbd7 10. Nge2 Qb6 11. Ng3 Ne4 $146 ({Predecessor:} 11... Be6 12. Bh6 Bf8 13. Bxf8 Kxf8 {1-0 (62) So,W (2770)-Caruana,F (2804) Paris 2016}) 12. Ncxe4 Bxe4 13. Nxe4 dxe4 14. a3 c5 15. Bc4 Bf6 {[%cal Rc5d4]} 16. O-O O-O 17. Rac1 Rac8 {[%cal Rc5d4]} 18. Rfd1 cxd4 19. exd4 Bg7 20. b4 Kh8 21. Qa2 (21. d5 $18) 21... Qf6 $16 22. Be3 Qe7 23. Bb3 f5 24. Qd2 b5 (24... Rxc1 $16 25. Rxc1 (25. Qxc1 Nb6 $16) 25... Nb6) 25. Rxc8 Rxc8 26. Rc1 Nb6 27. Rxc8+ Nxc8 28. Qc1 Qd7 29. Qc5 $36 {[%mdl 2048] Black is under strong pressure.} h6 30. d5 {And now d6! would win.} Kh7 $2 {[%mdl 8192] [#]} (30... Nd6 $16 31. Qxa7 Qxa7 32. Bxa7 Be5) 31. d6 $1 $18 {[%mdl 512] White is clearly winning.} Nxd6 32. Qd5 {[%csl Gb3][%cal Rd5g8]} Qd8 {If Black can now play ...Bf6 this consolidates a bit.} 33. Bf4 {Accuracy: White = 85%, Black = 40%.} 1-0

[Event "V Sunway Sitges Open 2018"]
[Site "Sitges"]
[Date "2018.12.22"]
[Round "9"]
[White "Santos Latasa, Jaime"]
[Black "Duran Vega, Sergio"]
[Result "1-0"]
[WhiteElo "2584"]
[BlackElo "2391"]
[Annotator "TA"]
[PlyCount "39"]
[EventDate "2018.12.14"]
[EventType "swiss"]
[EventCountry "ESP"]
[SourceTitle "playchess.com"]
[Source "ChessBase"]
[SourceQuality "1"]

{[%evp 1,1,19]} 1. d4 {Predecessor:} Nf6 $146 2. Nf3 d5 3. c4 e6 4. Nc3 Be7 5. Bf4 O-O 6. e3 c5 7. dxc5 Bxc5 8. Qc2 Nc6 9. a3 Qa5 10. Rd1 Rd8 11. Be2 Ne4 12. O-O Nxc3 13. bxc3 h6 14. a4 Ne7 15. Ne5 Bd6 16. cxd5 Nxd5 17. Bf3 Nxf4 18. exf4 Bxe5 19. Rxd8+ Qxd8 20. fxe5 {½-½ (49) Carlsen,M (2835)-Caruana,F (2832) London 2018} 1-0